[Event "PERLA BALTYKU"]
[Site "Lazy"]
[Date "2013.07.08"]
[Round "9.22"]
[White "Nowak, Maciej"]
[Black "Szewczyk, Mariusz"]
[Result "1/2-1/2"]
[WhiteElo "2010"]
[BlackElo "2047"]
[PlyCount "100"]
[EventDate "2013.??.??"]

1. d4 Nf6 2. c4 e6 3. g3 d5 4. Nf3 c5 5. cxd5 Nxd5 6. Bg2 Nc6 7. O-O Nf6 8.
dxc5 Qxd1 9. Rxd1 Bxc5 10. Nc3 O-O 11. Bf4 a6 12. Ne5 Nxe5 13. Bxe5 Bxf2+ 14.
Kxf2 Ng4+ 15. Kg1 Nxe5 16. Na4 Nc4 17. Rd3 Rb8 18. b3 Ne5 19. Rd6 Nd7 20. Rc1
b5 21. Nc5 Nxc5 22. Rxc5 Bb7 23. Bxb7 Rxb7 24. Rxa6 b4 25. Rc4 g6 26. Ra4 Rfb8
27. Kf2 Kg7 28. Ke3 f5 29. h4 Kf6 30. Kf3 g5 31. hxg5+ Kxg5 32. e4 h5 33. exf5
Kxf5 34. g4+ hxg4+ 35. Rxg4 e5 36. Rh4 Rc7 37. Rh5+ Ke6 38. Ke4 Rc1 39. Rxe5+
Kd6 40. Ra6+ Kd7 41. Rh5 Re8+ 42. Kd4 Kc7 43. Rc5+ Kb7 44. Rxc1 Kxa6 45. Rc6+
Kb5 46. Rc5+ Kb6 47. Rd5 Rc8 48. Rd6+ Kb5 49. Rd7 Rc2 50. Rb7+ Ka5 1/2-1/2